000 00473 a2200157 4500
008 160916b xxu||||| |||| 00| 0 eng d
020 _a9781292062280
050 _aQA303
_b.B37 2015
100 _aBarnett,Raymond A.
245 _aCalculus for business, economics, life sciences and social sciences
_cZiegler,Michael R and Byleen,Karl E.
250 _a13th ed.
260 _bPearson
_cc2015
_aBoston.
300 _a638p.,
_c28cm.
650 _aCalculus.
942 _cBK
_2lcc
999 _c46727
_d46727